000 00446cam a2200181ua 4500
020 _cRs 2.25
041 _amal
_h
082 _a954.83
_bIBN/KE
100 _aIbn, Batuta .
245 _aKeralam arunooru kollam munpu /
_cIbn Batuta.
_hTextual Documents
260 _aKottayam :
_bNational Book Stall ,
_c1962.
300 _a180 ; .
365 _aRs 2.25
504 _a
942 _cBK
999 _c472
_d472